| 000 | 01102cam a2200277 4500 | ||
|---|---|---|---|
| 001 | ABS66473 | ||
| 008 | 030307n2003 000 0 eng u | ||
| 035 | _a(Sirsi) u121568 | ||
| 100 | _aRamage, A. | ||
| 245 | _aKeeper's corner | ||
| 260 | _c2003 | ||
| 490 |
_aJournal of the Law Society of Scotland _v48(1) January 2003, 28-29(1) |
||
| 520 | _aThe latest in this quarterly series of updates on developments in the Registers of Scotland. Discusses: the changes introduced to the Insolvency Act 1986 by the Insolvency Act 2000; the need for pragmatic solutions to the various issues relating to udal law, including how udal rights in the foreshore should be reflected in a Land Register title sheet; and progress in the Automated Registration of Title to Land (ARTL) project. | ||
| 590 | _aABS | ||
| 650 | _aARTL | ||
| 650 | _aFORESHORE RIGHTS | ||
| 650 | _aINSOLVENCY ACT 2000 | ||
| 650 | _aINSOLVENCY ACT 1986 | ||
| 650 | _aLAND REGISTRATION | ||
| 650 | _aUDAL LAW | ||
| 650 | _aUDAL RIGHTS | ||
| 650 | _aSCOTLAND | ||
| 650 | _aSCOTTISH LAW | ||
| 690 | _aPROPERTY | ||
| 942 | _n0 | ||
| 999 |
_c72264 _d72264 |
||